000 00640nam a2200193Ia 4500
003 GCL
008 140319s9999 xx 000 0 ara d
040 _aGCL /
_cGCL
082 0 4 _a500.5
_bب هــ
100 1 _aخليل احمد خليل
245 1 0 _aهكذا يعيش بيننا سكان الكواكب الاخرى أول بحث علمى عن اسرار الفضاء /
_cخليل احمد خليل
700 1 _aبيار، بوت جان
260 _a[S.N] :
_bدار عويدان الدولية ،
_c1992
300 _a158 ص
490 _a
650 0 4 _aالفلك
650 0 4 _aالكواكب لخارجى
942 _2ddc
_cBK
999 _c35851
_d35851